Charlemagne - Statistiques

Statistiques générales
  • Ce quiz a été pris 68 fois
  • Le résultat moyen est 12 sur 16
Statistiques - réponses
Hint Réponse % Correct
Taille approximative 1m93
88%
Date de décès 28 Janvier 814
87%
Date de Naissance (Incertaine) 2 Avril 742
87%
Nom Latin Karolus Magnus
83%
Il est couronné Empereur d'Occident par ce pape,le 25 Décembre 800. Léon III
81%
Palais où Charlemagne s'installa vers 805. Aix-la-Chapelle
79%
Biographe de Charlemagne Éginhard
79%
Père Pépin le Bref
79%
Grand-père paternel Charles Martel
77%
Épouse la plus célèbre Hildegarde de Vintzgau
75%
Épée célèbre lui appartenant Joyeuse
75%
Mère Berthe au "Grand Pied"
73%
Frère Carloman
67%
Son premier fils,né en 778. Louis Ier le Pieux
67%
Défaite au Col de Roncevaux 778
52%
Conquête de la Saxe 771 à 804
48%
Aucun quiz correspondant
Distribution des résultats
% des personnes avec chaque résultat
Percentile par nombre de réponses
Votre historique - résultats
Vous n’avez pas pris ce quiz